[Event "Fast Fun # 148"]
[Site "SchemingMind.com"]
[Date "2009.04.11"]
[Round "-"]
[White "Joe Daudish"]
[Black "Schaakmaatje"]
[Result "1/2-1/2"]
[WhiteCountry "USA"]
[BlackCountry "NED"]
[WhiteElo "1734"]
[WhiteRD "47"]
[BlackElo "1756"]
[BlackRD "57"]
[GameID "200026"]

1. d4 d5 2. Nf3 Bf5 3. Bf4 e6 4. e3 Bd6 5. Bxd6 Qxd6 6. c3 h6 7. Bd3 Ne7 8. Bxf5 Nxf5 9. Nbd2 Nd7 10. O-O O-O
11. Re1 Rac8 12. e4 dxe4 13. Nxe4 Qe7 14. Ng3 Nxg3 15. hxg3 Nf6 16. Ne5 c5 17. dxc5 Rxc5 18. Ng4 Rd8 19. Nxf6+ Qxf6 20. Qe2 Rdd5
21. Rad1 a6 22. Rxd5 Rxd5 23. Rd1 Qg5 24. Rxd5 Qxd5 25. a3 Kf8=
1/2-1/2

[Event "Fast Fun # 148"]
[Site "SchemingMind.com"]
[Date "2009.04.17"]
[Round "-"]
[White "Schaakmaatje"]
[Black "doobwah"]
[Result "1-0"]
[WhiteCountry "NED"]
[BlackCountry "USA"]
[WhiteElo "1756"]
[WhiteRD "57"]
[BlackElo "1580"]
[BlackRD "84"]
[GameID "200296"]

1. d4 d5 2. c4 c6 3. Nc3 e6 4. e4 b6 5. Bf4 Bb4 6. f3 dxe4 7. fxe4 Ne7 8. Nf3 Nd7 9. Be2 Ng6 10. Bg3 O-O
11. O-O Re8 12. Qd2 Bb7 13. Rad1 c5 14. d5 a6 15. Ng5 Ngf8 16. Nxf7 Qe7 17. d6
1-0

[Event "Fast Fun # 148"]
[Site "SchemingMind.com"]
[Date "2009.04.17"]
[Round "-"]
[White "Joe Daudish"]
[Black "doobwah"]
[Result "1-0"]
[WhiteCountry "USA"]
[BlackCountry "USA"]
[WhiteElo "1730"]
[WhiteRD "45"]
[BlackElo "1620"]
[BlackRD "78"]
[GameID "200297"]

1. d4 d5 2. Nf3 e6 3. Bf4 Bd6 4. Bxd6 Qxd6 5. c3 Nc6 6. e3 Nf6 7. Bd3 e5 8. dxe5 Nxe5 9. Nxe5 Qxe5 10. Nd2 Bf5
11. Nf3 Qe6 12. O-O Bxd3 13. Qxd3 h6 14. a3 a6 15. Rad1 O-O-O 16. Qd4 Rhe8 17. Qa7 c6 18. Rd4 Rd7 19. Rfd1 Kd8 20. c4 Ke7
21. cxd5 Nxd5 22. e4 Nf6 23. Rxd7+ Nxd7 24. Qxb7 Rd8 25. Nd4 Qxe4 26. Nxc6+ Ke8 27. Nxd8 Qf5 28. Nc6
1-0

[Event "Fast Fun # 148"]
[Site "SchemingMind.com"]
[Date "2009.04.23"]
[Round "-"]
[White "Gammon"]
[Black "Schaakmaatje"]
[Result "0-1"]
[WhiteCountry "USA"]
[BlackCountry "NED"]
[WhiteElo "1401"]
[WhiteRD "60"]
[BlackElo "1755"]
[BlackRD "49"]
[GameID "201620"]

1. d4 d5 2. c4 c6 3. Nc3 e6 4. Nf3 Bd6 5. g3 Nd7 6. Bg2 Ne7 7. Bg5 f6 8. Be3 dxc4 9. Nd2 Nb6 10. Qc2 Ned5
11. Nxd5 cxd5 12. O-O Bd7 13. b3 cxb3 14. axb3 Qc7 15. Rfc1 Qxc2 16. Rxc2 Ke7 17. Nf3 a6 18. Bf4 Bxf4 19. gxf4 Rhc8 20. Rac1 Rxc2
21. Rxc2 Rc8 22. Ne1 Rxc2 23. Nxc2 Bb5 24. e4 Bd3 25. Ne1 Bxe4 26. f3 Bb1 27. Bh3 Nc8 28. Kg2 Nd6 29. Kf2 a5 30. Ke3 b5
31. Bf1 Nf5+ 32. Kd2 Nxd4
0-1

[Event "Fast Fun # 148"]
[Site "SchemingMind.com"]
[Date "2009.04.23"]
[Round "-"]
[White "Gammon"]
[Black "Joe Daudish"]
[Result "0-1"]
[WhiteCountry "USA"]
[BlackCountry "USA"]
[WhiteElo "1449"]
[WhiteRD "85"]
[BlackElo "1734"]
[BlackRD "47"]
[GameID "201621"]

1. d4 d5 2. c4 e6 3. Nc3 Nf6 4. Nf3 Be7 5. cxd5 Nxd5 6. Nxd5 Qxd5 7. e3 c5 8. g3 cxd4 9. exd4 Nc6 10. Bg2 Qd8
11. O-O Bf6 12. Bg5 Bxg5 13. Re1 Be7 14. Ne5 Nxe5 15. dxe5 Qxd1 16. Raxd1 Rb8 17. Re4 b6 18. Red4 Bb7 19. Bxb7 Rxb7 20. Kg2 Rc7
21. f4 f6 22. Kf3 Kf7 23. Rd7 Rhc8 24. h4 Ke8 25. g4 Rxd7
0-1

[Event "Fast Fun # 148"]
[Site "SchemingMind.com"]
[Date "2009.04.24"]
[Round "-"]
[White "Gammon"]
[Black "doobwah"]
[Result "0-1"]
[WhiteCountry "USA"]
[BlackCountry "USA"]
[WhiteElo "1401"]
[WhiteRD "60"]
[BlackElo "1620"]
[BlackRD "78"]
[GameID "201622"]

1. d4 d5 2. c4 c6 3. Nc3 Nf6 4. Nf3 dxc4 5. e3 b5 6. a4 Bf5 7. axb5 cxb5 8. Nxb5 a6 9. Na3 e6 10. Nxc4 Bb4+
11. Bd2 Nc6 12. Ra4 a5 13. Be2 O-O 14. Nfe5 Bxd2+ 15. Qxd2 Nxe5 16. dxe5 Nd7 17. Nxa5 Nxe5 18. O-O Qxd2
0-1

[Event "Fast Fun # 148"]
[Site "SchemingMind.com"]
[Date "2009.04.23"]
[Round "-"]
[White "Schaakmaatje"]
[Black "Gammon"]
[Result "1-0"]
[WhiteCountry "NED"]
[BlackCountry "USA"]
[WhiteElo "1756"]
[WhiteRD "57"]
[BlackElo "1449"]
[BlackRD "85"]
[GameID "201623"]

1. e4 e6 2. d4 d5 3. Nc3 Bb4 4. e5 c5 5. a3 Bxc3+ 6. bxc3 c4 7. Qg4 g6 8. h4 h5 9. Qg3 Nc6 10. Nh3 f6
11. Qxg6+ Ke7 12. Qg7+
1-0

[Event "Fast Fun # 148"]
[Site "SchemingMind.com"]
[Date "2009.04.23"]
[Round "-"]
[White "Joe Daudish"]
[Black "Gammon"]
[Result "1-0"]
[WhiteCountry "USA"]
[BlackCountry "USA"]
[WhiteElo "1730"]
[WhiteRD "45"]
[BlackElo "1401"]
[BlackRD "60"]
[GameID "201624"]

1. d4 Nf6 2. Nf3 e6 3. Bf4 Nd5 4. Bg3 Nc6 5. e3 Bd6 6. Bxd6 cxd6 7. Nbd2 e5 8. dxe5 dxe5 9. Be2 d6 10. O-O O-O
11. c3 Be6 12. Bc4 a6 13. e4 Nf6 14. Bxe6 fxe6 15. Qe2 d5 16. exd5 Nxd5 17. Nxe5 Qc7 18. Nxc6 Nf4 19. Qe4 bxc6 20. g3 Rad8
21. Nb3 Nd5 22. Qxe6+ Rf7 23. Qg4 Re8 24. Rae1 Nf6 25. Qc4 Kh8 26. Qxa6 Rfe7 27. Rxe7 Rxe7 28. Nd4 h6 29. Qxc6 Qxc6 30. Nxc6 Re2
31. Rb1 Ne4 32. f4 Nd2 33. Nd4 Re8 34. Rd1 Nc4 35. b3 Nd6 36. c4
1-0

[Event "Fast Fun # 148"]
[Site "SchemingMind.com"]
[Date "2009.04.24"]
[Round "-"]
[White "doobwah"]
[Black "Gammon"]
[Result "1-0"]
[WhiteCountry "USA"]
[BlackCountry "USA"]
[WhiteElo "1620"]
[WhiteRD "78"]
[BlackElo "1401"]
[BlackRD "60"]
[GameID "201625"]

1. e4 e6 2. d4 d5 3. e5 c5 4. Nf3 Nc6 5. Be3 g6 6. c3 Bh6 7. Qd2 Bxe3 8. Qxe3 h6 9. Nbd2 f6 10. Bd3 Nce7
11. c4 b6 12. Nh4 Bb7 13. Nxg6 Rh7 14. Nf4 Qd7 15. Bxh7 f5 16. Qg3 O-O-O 17. cxd5 Nxd5 18. Bxg8 Nxf4 19. Qxf4 Rxg8 20. dxc5 bxc5
21. O-O-O Rxg2 22. Nc4 Qg7 23. Nd6+ Kb8 24. Nxb7 Qxb7 25. Qxh6 Rxf2 26. Qf8+
1-0

[Event "Fast Fun # 148"]
[Site "SchemingMind.com"]
[Date "2009.04.24"]
[Round "-"]
[White "aadaam"]
[Black "Schaakmaatje"]
[Result "1/2-1/2"]
[WhiteCountry "INT"]
[BlackCountry "NED"]
[WhiteElo "1688"]
[WhiteRD "47"]
[BlackElo "1755"]
[BlackRD "49"]
[GameID "201826"]

1. d4 Nf6 2. c4 g6 3. Nc3 d5 4. cxd5 Nxd5 5. e4 Nxc3 6. bxc3 c5 7. Be3 Bg7 8. Bc4 O-O 9. Ne2 cxd4 10. cxd4 Nc6
11. O-O Na5 12. Bd3 a6 13. Rc1 Bd7 14. Qd2 b5 15. Rc2 Nc6 16. Rfc1 Rc8 17. f4 Qa5 18. Qxa5 Nxa5 19. Rxc8 Rxc8 20. Rxc8+ Bxc8
21. e5 Nc4 22. Bxc4 bxc4 23. d5 f6 24. Bd4 Bb7 25. Nc3 Kf7 26. Kf2 g5 27. e6+ Kf8 28. f5 g4 29. Kg3 Bh6 30. Kxg4 Bd2
31. Kf3 Bxc3 32. Bxc3 Bxd5+ 33. Kf4=
1/2-1/2

[Event "Fast Fun # 148"]
[Site "SchemingMind.com"]
[Date "2009.04.27"]
[Round "-"]
[White "aadaam"]
[Black "Joe Daudish"]
[Result "1-0"]
[WhiteCountry "INT"]
[BlackCountry "USA"]
[WhiteElo "1688"]
[WhiteRD "47"]
[BlackElo "1730"]
[BlackRD "45"]
[GameID "201827"]

1. e4 e6 2. d4 d5 3. Nc3 Ne7 4. Bd3 dxe4 5. Nxe4 Ng6 6. Be3 Be7 7. Qd2 Bd7 8. O-O-O a5 9. Ne2 b5 10. Nc5 c6
11. Nf4 Nxf4 12. Bxf4 Na6 13. Nxd7 Qxd7 14. h4 Nb4 15. a3 Nxd3+ 16. Qxd3 Qd5 17. g4 h6 18. Be5 f6 19. Qg6+ Kf8 20. Bf4 Bd6
21. Bxd6+ Qxd6 22. g5 fxg5 23. hxg5 Qf4+ 24. Kb1 Qf7 25. Qe4 Qd7 26. Rd3 Ke7 27. Qg6 Rag8 28. Re3 Kd8 29. Rxe6
1-0

[Event "Fast Fun # 148"]
[Site "SchemingMind.com"]
[Date "2009.04.25"]
[Round "-"]
[White "aadaam"]
[Black "doobwah"]
[Result "0-1"]
[WhiteCountry "INT"]
[BlackCountry "USA"]
[WhiteElo "1688"]
[WhiteRD "47"]
[BlackElo "1620"]
[BlackRD "78"]
[GameID "201828"]

1. d4 d5 2. c4 c6 3. cxd5 cxd5 4. Nc3 e6 5. Nf3 Be7 6. Bf4 Nf6 7. e3 O-O 8. Be2 Nc6 9. O-O a6 10. Rc1 Bd6
11. Bxd6 Qxd6 12. Nd2 b5 13. Nb3 Nd7 14. a3 Nb6 15. Nc5 Nc4 16. Bxc4 dxc4 17. N3e4 Qc7 18. f4 Ne7 19. b3 Nf5 20. Rc3 Bb7
21. bxc4 bxc4 22. g4 Bxe4 23. Nxe4 Ne7 24. Nc5 Nd5 25. Rxc4 Nxe3
0-1

[Event "Fast Fun # 148"]
[Site "SchemingMind.com"]
[Date "2009.04.24"]
[Round "-"]
[White "aadaam"]
[Black "Gammon"]
[Result "1-0"]
[WhiteCountry "INT"]
[BlackCountry "USA"]
[WhiteElo "1688"]
[WhiteRD "47"]
[BlackElo "1401"]
[BlackRD "60"]
[GameID "201829"]

1. d4 Nf6 2. c4 e6 3. Nf3 b6 4. Nc3 Bb7 5. e3 Ne4 6. Nxe4 Bxe4 7. Bd3 Bb4+ 8. Bd2 Bxd3 9. Bxb4 Bxc4 10. b3 Bb5
11. a4 Bc6 12. O-O Na6 13. Ba3 d6 14. b4 Bd5 15. b5 Nb8 16. Qe2 Nd7 17. Rac1 O-O 18. Rc3 f6 19. Rfc1 c5 20. bxc6 Nc5
21. dxc5 bxc5 22. Rd3 Bxc6 23. Bxc5 Rc8 24. Bxd6 Rf7 25. Bc5 g5 26. Rxd8+ Rxd8 27. Nd4 Bd5 28. e4 e5 29. Nf5 Rb7 30. exd5 Rxd5
31. Ne7+
1-0

[Event "Fast Fun # 148"]
[Site "SchemingMind.com"]
[Date "2009.04.24"]
[Round "-"]
[White "Schaakmaatje"]
[Black "aadaam"]
[Result "0-1"]
[WhiteCountry "NED"]
[BlackCountry "INT"]
[WhiteElo "1756"]
[WhiteRD "57"]
[BlackElo "1710"]
[BlackRD "50"]
[GameID "201830"]

1. e4 e6 2. d4 d5 3. Nc3 dxe4 4. Nxe4 Be7 5. Nf3 Nf6 6. Bd3 Nbd7 7. c3 Nxe4 8. Bxe4 Nf6 9. Bd3 O-O 10. O-O c5
11. Re1 Bd7 12. Bf4 Bc6 13. Ne5 Rc8 14. Nxc6 Rxc6 15. Bg3 cxd4 16. cxd4 Nd5 17. Bxh7+ Kxh7 18. Qh5+ Kg8 19. Re5 Nf6 20. Qh4 Nd7
0-1

[Event "Fast Fun # 148"]
[Site "SchemingMind.com"]
[Date "2009.04.27"]
[Round "-"]
[White "Joe Daudish"]
[Black "aadaam"]
[Result "0-1"]
[WhiteCountry "USA"]
[BlackCountry "INT"]
[WhiteElo "1730"]
[WhiteRD "45"]
[BlackElo "1688"]
[BlackRD "47"]
[GameID "201831"]

1. d4 Nf6 2. Nf3 g6 3. Bf4 Bg7 4. e3 b6 5. Be2 Bb7 6. h3 O-O 7. O-O Nd5 8. Bg3 c5 9. c3 cxd4 10. Nxd4 Nc6
11. Nd2 Nxd4 12. exd4 e6 13. Bf3 Bc6 14. Re1 Nf6 15. Ne4 Nxe4 16. Bxe4 Bxe4 17. Rxe4 d5 18. Re2 b5 19. a3 Qb6 20. Be5 a5
21. Bxg7 Kxg7 22. Qd3 b4 23. axb4 axb4 24. Ree1 Rxa1 25. Rxa1 bxc3 26. bxc3 Rc8 27. Rc1 f6 28. c4 Qa6 29. Qf1 Rxc4 30. Rd1 Qb6
31. Qd3 Qb2 32. Rd2 Qc1+ 33. Kh2 h5 34. Rd1 Qf4+ 35. Kg1 g5 36. Qe3 Qxe3
0-1

[Event "Fast Fun # 148"]
[Site "SchemingMind.com"]
[Date "2009.04.25"]
[Round "-"]
[White "doobwah"]
[Black "aadaam"]
[Result "0-1"]
[WhiteCountry "USA"]
[BlackCountry "INT"]
[WhiteElo "1620"]
[WhiteRD "78"]
[BlackElo "1688"]
[BlackRD "47"]
[GameID "201832"]

1. e4 e6 2. d4 d5 3. e5 c5 4. c3 b6 5. Nh3 Qd7 6. b3 Ba6 7. Bxa6 Nxa6 8. Bf4 f6 9. O-O O-O-O 10. Bg3 f5
11. f4 h6 12. Qe2 Kb7 13. Bf2 Ne7 14. dxc5 Nxc5 15. b4 Ne4 16. Be1 g5 17. Nf2 gxf4 18. a4 Ng6 19. Nd3 Bg7 20. b5 Nxe5
21. Nxe5 Bxe5 22. a5 d4 23. axb6 axb6 24. c4 d3 25. Qf3 Bxa1 26. Bd2 Bd4+ 27. Kh1 Rhg8 28. Bxf4 Qg7 29. g3 e5 30. Bd2 Rdf8
31. Be1 Kc7 32. Qxd3 Nc5 33. Qe2 Qg4
0-1

[Event "Fast Fun # 148"]
[Site "SchemingMind.com"]
[Date "2009.04.25"]
[Round "-"]
[White "Gammon"]
[Black "aadaam"]
[Result "0-1"]
[WhiteCountry "USA"]
[BlackCountry "INT"]
[WhiteElo "1401"]
[WhiteRD "60"]
[BlackElo "1688"]
[BlackRD "47"]
[GameID "201833"]

1. d4 Nf6 2. c4 g6 3. Nc3 d5 4. cxd5 Nxd5 5. e4 Nxc3 6. bxc3 Bg7 7. Nf3 c5 8. Bc4 O-O 9. Ng5 e6 10. Nf3 cxd4
11. cxd4 Nc6 12. e5 Na5 13. Ba3 Nxc4 14. Bxf8 Bxf8 15. O-O b5 16. Qc1 Bb7 17. Qf4 h6 18. Qf6 Qxf6 19. exf6 Bxf3 20. a4 Bc6
21. h4 Rd8 22. axb5 Bxb5 23. Rxa7 Rxd4 24. Rfa1 Rxh4 25. Ra8 Ne5 26. g3 Nf3+ 27. Kg2 Rh2+ 28. Kxf3 Bc6+
0-1

[Event "Fast Fun # 148"]
[Site "SchemingMind.com"]
[Date "2009.04.26"]
[Round "-"]
[White "keen"]
[Black "Schaakmaatje"]
[Result "0-1"]
[WhiteCountry "SCO"]
[BlackCountry "NED"]
[WhiteElo "1654"]
[WhiteRD "58"]
[BlackElo "1755"]
[BlackRD "49"]
[GameID "202132"]

1. c4 Nf6 2. Nc3 d5 3. e3 e5 4. Nf3 Nc6 5. d3 Bb4 6. Bd2 O-O 7. g3 Bg4 8. Bg2 Bxc3 9. Bxc3 dxc4 10. h3 Bxf3
11. Qxf3 cxd3 12. Bd2 e4 13. Qf5 Ne7 14. Qe5 Re8 15. Qc3 Nf5 16. O-O-O Re6 17. Kb1 Rc6 18. Qe5 Nd6 19. Rc1 Nc4 20. Qc3 Nxe3
0-1

[Event "Fast Fun # 148"]
[Site "SchemingMind.com"]
[Date "2009.04.26"]
[Round "-"]
[White "keen"]
[Black "doobwah"]
[Result "0-1"]
[WhiteCountry "SCO"]
[BlackCountry "USA"]
[WhiteElo "1654"]
[WhiteRD "58"]
[BlackElo "1620"]
[BlackRD "78"]
[GameID "202134"]

1. d4 d5 2. e3 a6 3. Bd3 e6 4. Nd2 Bd6 5. f4 Nf6 6. Ngf3 O-O 7. Ne5 Nbd7 8. O-O c5 9. g4 Bc7 10. c3 c4
11. Bc2 h6 12. Qf3 Nxe5 13. dxe5 Nh7 14. Qg3 f6 15. exf6 Nxf6 16. Bg6 e5 17. g5 Ng4 18. h3 exf4 19. exf4 Ne3 20. Qxe3 Bb6
0-1

[Event "Fast Fun # 148"]
[Site "SchemingMind.com"]
[Date "2009.04.26"]
[Round "-"]
[White "keen"]
[Black "aadaam"]
[Result "0-1"]
[WhiteCountry "SCO"]
[BlackCountry "INT"]
[WhiteElo "1654"]
[WhiteRD "58"]
[BlackElo "1688"]
[BlackRD "47"]
[GameID "202135"]

1. c4 Nf6 2. Nc3 e6 3. Nf3 d5 4. e3 c5 5. d4 cxd4 6. exd4 Be7 7. Bd3 O-O 8. O-O dxc4 9. Bxc4 a6 10. Qc2 b5
11. Bd3 h6 12. Ne5 Qxd4 13. Nf3 Qd6 14. Re1 Rd8 15. Rd1 Qc7 16. Be3 Bb7 17. Qd2 Nc6 18. Qe2 Rac8 19. a3 Ne5 20. Nxe5 Qxe5
21. Rac1 Nd5 22. Nxd5 Bxd5 23. Qg4 f5 24. Qg6 Qf6 25. Qh5 Qxb2 26. Qg6 Qf6 27. Qxf6 Bxf6 28. h3 Bc4 29. Bb1 Bb2 30. Rxd8+ Rxd8
31. Re1 Bxa3
0-1

[Event "Fast Fun # 148"]
[Site "SchemingMind.com"]
[Date "2009.04.26"]
[Round "-"]
[White "keen"]
[Black "Gammon"]
[Result "1-0"]
[WhiteCountry "SCO"]
[BlackCountry "USA"]
[WhiteElo "1654"]
[WhiteRD "58"]
[BlackElo "1401"]
[BlackRD "60"]
[GameID "202136"]

1. d4 Nf6 2. e3 d5 3. Bd3 e6 4. Nd2 Nc6 5. c3 Bd6 6. f4 Qe7 7. Ngf3 Bd7 8. O-O O-O-O 9. Ne5 Bxe5 10. fxe5 Ng4
11. Qxg4 g6 12. Nb3 h5 13. Qe2 Rdf8 14. Nc5 Na5 15. b3 Rh6 16. Ba3 Re8 17. Bb4 b6 18. Nb7
1-0

[Event "Fast Fun # 148"]
[Site "SchemingMind.com"]
[Date "2009.04.26"]
[Round "-"]
[White "Schaakmaatje"]
[Black "keen"]
[Result "0-1"]
[WhiteCountry "NED"]
[BlackCountry "SCO"]
[WhiteElo "1755"]
[WhiteRD "49"]
[BlackElo "1654"]
[BlackRD "58"]
[GameID "202137"]

1. d4 Nf6 2. Bg5 Ne4 3. Bh4 c6 4. f3 Qa5+ 5. c3 g5 6. fxe4 gxh4 7. Nf3 Qh5 8. Qd3 Bh6 9. Nbd2 d6 10. O-O-O Bd7
11. Kb1 Na6 12. e3 h3 13. g3 Bg4 14. Be2 O-O-O 15. Rhf1 f5 16. exf5 Bxf5 17. e4 Bg4 18. Ng1 Bxe2 19. Qxe2 Qg6 20. Ka1 Qe6
21. Qc4 Qxc4 22. Nxc4 b5 23. Nd2 Rhf8 24. Nxh3 Bxd2 25. Nf4 Bxf4 26. gxf4 Nc7 27. f5 Rg8 28. Rf2 Rdf8 29. Rdf1 Ne8 30. a3 Nf6
31. e5 dxe5 32. dxe5 Ng4 33. Re2 h5 34. h3 Nh6 35. f6 exf6 36. exf6 Rf7 37. Re7 Kb8 38. Re6 Rgf8 39. Rf5 Nxf5
0-1

[Event "Fast Fun # 148"]
[Site "SchemingMind.com"]
[Date "2009.04.26"]
[Round "-"]
[White "doobwah"]
[Black "keen"]
[Result "1-0"]
[WhiteCountry "USA"]
[BlackCountry "SCO"]
[WhiteElo "1620"]
[WhiteRD "78"]
[BlackElo "1654"]
[BlackRD "58"]
[GameID "202139"]

1. e4 c5 2. Bc4 e6 3. Ne2 Nc6 4. a3 Nf6 5. d3 d5 6. exd5 exd5 7. Bb3 Be7 8. h3 O-O 9. d4 b6 10. Be3 Re8
11. dxc5 bxc5 12. c3 Rb8 13. Qc2 Be6 14. Ba4 Bd7 15. Bf4 Rb7 16. b4 cxb4 17. axb4 Qc8 18. Be3 Nxb4 19. cxb4 Bxb4+ 20. Bd2 Bxa4
21. Qxc8 Bxd2+ 22. Nxd2 Rxc8 23. Rxa4 Rb2 24. Rd4 Rcc2 25. f3 a5 26. Kd1 Ra2 27. Nc1 Rxc1+ 28. Kxc1 Ra1+ 29. Nb1 a4 30. Kb2
1-0

[Event "Fast Fun # 148"]
[Site "SchemingMind.com"]
[Date "2009.04.26"]
[Round "-"]
[White "aadaam"]
[Black "keen"]
[Result "1-0"]
[WhiteCountry "INT"]
[BlackCountry "SCO"]
[WhiteElo "1688"]
[WhiteRD "47"]
[BlackElo "1654"]
[BlackRD "58"]
[GameID "202140"]

1. d4 d5 2. c4 Nf6 3. cxd5 Nxd5 4. Nf3 g6 5. e4 Nb6 6. Be2 Bg7 7. Nc3 O-O 8. Be3 Nc6 9. O-O Bd7 10. Qd2 Qe8
11. Rac1 Rd8 12. Rfd1 a6 13. d5 Bg4 14. Bh6 Bxf3 15. Bxg7 Kxg7 16. Bxf3 Ne5 17. Be2 e6 18. Qg5 Nec4 19. b3 Nd6 20. e5 Nf5
21. g4 Qe7 22. Qf4 Nh6 23. d6 Qd7 24. Qf6+ Kg8 25. Ne4 Nd5 26. dxc7 Rc8 27. Qh4 Kg7 28. Nf6 Qe7 29. g5
1-0

[Event "Fast Fun # 148"]
[Site "SchemingMind.com"]
[Date "2009.04.26"]
[Round "-"]
[White "Gammon"]
[Black "keen"]
[Result "0-1"]
[WhiteCountry "USA"]
[BlackCountry "SCO"]
[WhiteElo "1401"]
[WhiteRD "60"]
[BlackElo "1654"]
[BlackRD "58"]
[GameID "202141"]

1. d4 Nf6 2. c4 d5 3. Nc3 g6 4. Nf3 Bg7 5. Bf4 c6 6. cxd5 Nxd5 7. Nxd5 cxd5 8. Rc1 O-O 9. Qd2 Nc6 10. Bh6 Bd7
11. Bxg7 Kxg7 12. a3 Rc8 13. e3 Rc7 14. Bd3 Bg4 15. Be2 Qd6 16. O-O Rfc8 17. Bb5 e6 18. Ne5 Nxe5 19. f4 Nc4 20. Qf2 Bf5
21. Rc3 Be4 22. Rfc1 Nb6 23. Qd2 a6 24. Bd3 Bxd3 25. Qxd3 Na4 26. Rxc7 Rxc7 27. Rxc7 Qxc7 28. Qe2 Qc1+ 29. Kf2 Nxb2 30. Kf3 Nc4
31. g4 Qxa3 32. g5 b5 33. h4 b4
0-1